000 00543nam a2200181Ia 4500
005 20250923145417.0
008 008 250917s9999 xx 000 0 eng d
037 _aTextual
040 _aDSWL
_beng
_cDSWL
041 _aeng
_2eng
084 _aYx;5-Y.2, N77.1
_qDSWL
100 _aGangrade, K.D.
_9835012
245 0 _aSocial legislation in India Vol-I
_c by K.D. Gangrade
260 _aDelhi
_bDelhi School of social work
_c1977
300 _av,316 p.
942 _cTEXL
_hYx;5-Y.2, N77.1
999 _c1451019
_d1451019